Di truyền giống và dinh dưỡng bò sữa
Giống và công tác giống bò sữa ở Việt Nam. Ứng dụng toán ma trận trong công tác giống vật nuôi. Phương pháp nhân giống hạt nhân mở trong chăn nuôi bò sữa. Ứng dụng dấu chuẩn phân tử trong công tác giống vật nuôi. Khai thác ưu thế lai tro...
Gorde:
| Egile nagusia: | |
|---|---|
| Formatua: | Liburua |
| Hizkuntza: | Undetermined |
| Argitaratua: |
Hà Nội
Đại học Quốc gia Hà Nội
2006
|
| Gaiak: | |
| Etiketak: |
Etiketa erantsi
Etiketarik gabe, Izan zaitez lehena erregistro honi etiketa jartzen!
|
| Thư viện lưu trữ: | Trung tâm Học liệu Trường Đại học Cần Thơ |
|---|
| LEADER | 01098nam a2200217Ia 4500 | ||
|---|---|---|---|
| 001 | CTU_107578 | ||
| 008 | 210402s9999 xx 000 0 und d | ||
| 020 | |c 40000 | ||
| 082 | |a 636.2 | ||
| 082 | |b D300 | ||
| 100 | |a Nguyễn, Văn Đức | ||
| 245 | 0 | |a Di truyền giống và dinh dưỡng bò sữa | |
| 245 | 0 | |c Nguyễn Văn Đức | |
| 260 | |a Hà Nội | ||
| 260 | |b Đại học Quốc gia Hà Nội | ||
| 260 | |c 2006 | ||
| 520 | |a Giống và công tác giống bò sữa ở Việt Nam. Ứng dụng toán ma trận trong công tác giống vật nuôi. Phương pháp nhân giống hạt nhân mở trong chăn nuôi bò sữa. Ứng dụng dấu chuẩn phân tử trong công tác giống vật nuôi. Khai thác ưu thế lai trong công tác giống bò sữa. Thức ăn và dinh dưỡng trong chăn nuôi bò sữa | ||
| 650 | |a Cattle,Ruminantia | ||
| 650 | |x Breeding,Breeding | ||
| 904 | |i Lê Giang | ||
| 980 | |a Trung tâm Học liệu Trường Đại học Cần Thơ | ||